000 00554nam a2200181Ia 4500
005 20250508160139.0
008 008 250505s9999 xx 000 0 eng d
037 _aTextual
040 _aFEDL
_beng
_cFEDL
041 _aeng
_2eng
084 _a371.425, SAC
_qFEDL
100 _aSachs Georgia May
_9767979
245 0 _aEvaluation of group guidance work in secondary schools
260 _aCalifornia, USA
_bThe University of Southern Press
_c1945
300 _axii,120p.
942 _cTEXL
_h371.425, SAC
999 _c1362212
_d1362212